[Event "18th Unive Open 2014"]
[Site "Hoogeveen NED"]
[Date "2014.10.11"]
[Round "1.1"]
[White "Vovk, Andrey"]
[Black "Hovenga, Alje"]
[Result "1-0"]
[WhiteTitle "GM"]
[WhiteElo "2637"]
[BlackElo "2201"]
[WhiteFideId "14114470"]
[BlackFideId "1005812"]
[EventDate "2014.10.11"]

1. e4 c6 2. d4 d5 3. Nc3 dxe4 4. Nxe4 Nd7 5. Ng5 Ngf6 6. Bc4 e6 7. Qe2 Nb6 8.
Bb3 h6 9. N5f3 a5 10. c3 a4 11. Bc2 Nbd5 12. a3 Qc7 13. Ne5 Bd6 14. Ngf3 b6 15.
c4 Ne7 16. Qd1 Qa7 17. O-O Nd7 18. Bf4 Bxe5 19. Nxe5 Nf6 20. Re1 Kf8 21. Qf3 Bd7
22. Nxd7+ Qxd7 23. Be5 Ne8 24. Rad1 Ra5 25. Qc3 Ra7 26. Qb4 f6 27. Bg3 b5 28.
cxb5 cxb5 29. d5 e5 30. d6 Nc6 31. Qxb5 Nxd6 32. Qc5 Ke7 33. f4 Ra5 34. Qc3 Rf8
35. fxe5 fxe5 36. Bxe5 Rxe5 37. Rxe5+ Nxe5 38. Qxe5+ Qe6 39. Qxg7+ Rf7 40. Qg3 1-0

[Event "18th Unive Open 2014"]
[Site "Hoogeveen NED"]
[Date "2014.10.11"]
[Round "1.3"]
[White "Roiz, Michael"]
[Black "Clemens, Adrian"]
[Result "1-0"]
[WhiteTitle "GM"]
[BlackTitle "FM"]
[WhiteElo "2585"]
[BlackElo "2195"]
[WhiteFideId "2804158"]
[BlackFideId "1006487"]
[EventDate "2014.10.11"]

1. Nf3 Nf6 2. c4 g6 3. Nc3 Bg7 4. e4 d6 5. d4 O-O 6. Be2 c5 7. O-O cxd4 8. Nxd4
Nc6 9. Nc2 Nd7 10. Bd2 Nc5 11. b4 Ne6 12. Rc1 Ncd4 13. Nxd4 Nxd4 14. Be3 Nxe2+
15. Qxe2 Be6 16. Rfd1 Qc7 17. Nb5 Qb8 18. c5 dxc5 19. Bxc5 a6 20. Nc3 Re8 21.
Nd5 Bxd5 22. Rxd5 b6 23. Be3 Qb7 24. Qd3 Rac8 25. Rxc8 Rxc8 26. Rd7 Qc6 27. Rxe7
Bf8 28. Ra7 Bxb4 29. Rxa6 Bc5 30. Bxc5 Qxc5 31. g3 Kg7 32. Kg2 h5 33. h4 Rc7 34.
Ra8 Qe7 35. Qd4+ Qf6 36. Rg8+ 1-0

[Event "18th Unive Open 2014"]
[Site "Hoogeveen NED"]
[Date "2014.10.11"]
[Round "1.5"]
[White "Heberla, Bartlomiej"]
[Black "Goossens, Hanne"]
[Result "1-0"]
[WhiteTitle "GM"]
[BlackTitle "WFM"]
[WhiteElo "2567"]
[BlackElo "2187"]
[WhiteFideId "1115120"]
[BlackFideId "200468"]
[EventDate "2014.10.11"]

1. c4 Nf6 2. Nc3 c5 3. g3 d5 4. cxd5 Nxd5 5. Bg2 Nc7 6. Qa4+ Bd7 7. Qb3 Nc6 8.
Qxb7 Nd4 9. Qe4 f6 10. Qb1 Rb8 11. e3 Bf5 12. Ne4 Nde6 13. Nxf6+ exf6 14. Qxf5
g6 15. Qc2 Kf7 16. Ne2 Nd5 17. a3 Bg7 18. O-O Qd6 19. d3 Rhd8 20. Rd1 f5 21. Rb1
Rd7 22. Bd2 Qa6 23. Be1 Rbd8 24. Qc4 Qb6 25. Nc3 Ne7 26. Na4 Qd6 27. b4 cxb4 28.
Bxb4 1-0

[Event "18th Unive Open 2014"]
[Site "Hoogeveen NED"]
[Date "2014.10.11"]
[Round "1.6"]
[White "Mueer, Sebastian"]
[Black "Ernst, Sipke"]
[Result "1/2-1/2"]
[BlackTitle "GM"]
[WhiteElo "2185"]
[BlackElo "2555"]
[WhiteFideId "24622001"]
[BlackFideId "1004689"]
[EventDate "2014.10.11"]

1. c4 c6 2. Nf3 d5 3. g3 Nf6 4. Bg2 Bf5 5. cxd5 cxd5 6. Qb3 Nc6 7. Qxb7 Bd7 8.
Qb3 e5 9. d3 Rb8 10. Qd1 Bb4+ 11. Nfd2 h5 12. h3 e4 13. dxe4 dxe4 14. e3 Ne5 15.
O-O Qc8 16. Nxe4 Nxe4 17. Qd4 O-O 18. Qxe5 Re8 19. Qxh5 g6 20. Qh4 Bf5 21. Rd1
Be7 22. Qf4 Qc2 23. Rf1 Rb4 24. Qe5 Qc8 25. Nd2 Bc5 26. Qd5 Nxf2 27. Rxf2 Rxe3
28. Kh2 Qc7 29. Nf1 Re5 30. Qd2 Rd4 31. Qc3 Rd3 32. Qc4 Rd4 33. Qc3 Rd3 34. Qc4
Rd4 35. Qc3 Rd3 36. Qc4 Rd4 1/2-1/2

[Event "18th Unive Open 2014"]
[Site "Hoogeveen NED"]
[Date "2014.10.11"]
[Round "1.7"]
[White "Stocek, Jiri"]
[Black "Buckels, Valentin"]
[Result "1/2-1/2"]
[WhiteTitle "GM"]
[WhiteElo "2551"]
[BlackElo "2179"]
[WhiteFideId "304760"]
[BlackFideId "12942766"]
[EventDate "2014.10.11"]

1. d4 Nf6 2. c4 e6 3. Nf3 b6 4. Bf4 Bb7 5. e3 d5 6. Nc3 Bd6 7. Bg3 Nbd7 8. Rc1
O-O 9. a3 a6 10. cxd5 Nxd5 11. Bd3 N7f6 12. Ne2 Ne7 13. Nf4 Ng6 14. Nxg6 hxg6
15. Qe2 Ne4 16. Bh4 Be7 17. Qc2 Bxh4 18. Bxe4 Bxe4 19. Qxe4 Bf6 20. Rc6 Qd7 21.
O-O Rfd8 22. Rfc1 Rac8 23. h4 Qe7 24. g3 Qd7 25. Qf4 a5 26. R1c2 Qd5 27. Rxc7
Rxc7 28. Rxc7 Qb5 29. Ne5 Bxe5 30. dxe5 Rd7 31. Rxd7 Qxd7 32. Qd4 Qc6 33. e4 Qb5
34. Kg2 Qb3 35. Qc3 Qa4 36. Kf3 Qd1+ 37. Ke3 Kh7 38. b3 Kg8 39. a4 Kh7 40. Qd3
Qc1+ 41. Qd2 Qc5+ 42. Qd4 Qc1+ 43. Kf3 Qc6 44. Qc4 Qd7 45. Kg2 Kg8 46. Qc3 Kh7
47. Kh2 Kg8 48. Kh3 Kh7 49. Qc4 Qd1 50. Kg2 Qd7 51. Qc3 Kg8 52. Kh2 Kh7 53. Qc4
Qd2 54. Kg1 Qd1+ 55. Kg2 Qd7 56. Qe2 Qd4 57. f4 Qc3 58. Qf3 Qc2+ 59. Kh3 Kg8 60.
Qe3 Qd1 61. g4 Qf1+ 62. Kg3 b5 63. axb5 Qxb5 64. h5 gxh5 65. gxh5 a4 66. bxa4
Qxa4 67. Qe2 Qd4 68. Qf3 Qd2 69. f5 Qg5+ 70. Kh3 Kh7 71. fxe6 fxe6 72. Qg4 Qxe5
73. Qg6+ Kh8 74. Qe8+ Kh7 75. Qg6+ Kh8 76. Kg4 Qf6 77. Qg5 Kh7 78. e5 Qf7 79.
Kg3 Qe8 80. Kh3 Qf7 81. Kg4 Qe8 82. Qf4 g6 83. Qf6 gxh5+ 84. Kg5 Qg8+ 85. Kxh5
Qe8+ 86. Kg5 Qg8+ 87. Kf4 Qg6 88. Qe7+ Kg8 89. Qc7 Qf7+ 90. Qxf7+ Kxf7 91. Kg5
Kg7 92. Kh5 Kh7 93. Kg5 1/2-1/2

[Event "18th Unive Open 2014"]
[Site "Hoogeveen NED"]
[Date "2014.10.11"]
[Round "1.8"]
[White "Majhi, Ankit"]
[Black "Mikhalevski, Victor"]
[Result "0-1"]
[BlackTitle "GM"]
[WhiteElo "2172"]
[BlackElo "2550"]
[WhiteFideId "1033735"]
[BlackFideId "2801914"]
[EventDate "2014.10.11"]

1. e4 e5 2. Nf3 Nc6 3. Bb5 a6 4. Ba4 Nf6 5. O-O Nxe4 6. d4 b5 7. Bb3 d5 8. dxe5
Be6 9. Nbd2 Nc5 10. c3 Bg4 11. h3 Bh5 12. Re1 Be7 13. Nf1 Nxb3 14. axb3 O-O 15.
Ng3 Bg6 16. Be3 Qd7 17. Qd2 Rfe8 18. Red1 Red8 19. c4 bxc4 20. bxc4 d4 21. Bxd4
Qe6 22. Qe2 Nb4 23. Ne4 Qc6 24. Nc3 Bf5 25. Rac1 Qg6 26. Kh2 c5 27. Nd5 Nxd5 28.
cxd5 Rxd5 29. Bc3 Bd3 30. Qe3 Rad8 31. Ra1 h6 32. Ra4 c4 33. Bb4 Bc2 34. Rda1
Bg5 35. Nxg5 Bxa4 36. Nxf7 Rd3 37. Nxd8 Rxe3 38. fxe3 Qg5 39. Rxa4 Qxe5+ 40. Kh1
Qb5 41. Ra5 Qxb4 42. Rxa6 Qxb2 43. Ra8 c3 44. Ne6+ Kf7 45. Nd4 Qc1+ 46. Kh2 Qxe3
47. Ra7+ Ke8 48. Ra8+ Kd7 49. Ra7+ Kc8 50. Ra4 Qf4+ 51. Kh1 c2 52. Rc4+ Kd7 53.
Rxc2 Qxd4 54. Rc1 Qf2 55. Rd1+ Ke6 56. Kh2 Qe2 57. Rb1 Qd3 58. Rb6+ Kf5 59. Rb7
Qd6+ 60. Kh1 g5 61. Rf7+ Ke4 62. Rf1 h5 63. Re1+ Kf4 64. Kg1 g4 65. Kh2 Kg5+ 66.
Kh1 Kh4 0-1

[Event "18th Unive Open 2014"]
[Site "Hoogeveen NED"]
[Date "2014.10.11"]
[Round "1.9"]
[White "Malaniuk, Vladimir P"]
[Black "Groetzbach, Julian"]
[Result "1-0"]
[WhiteTitle "GM"]
[WhiteElo "2495"]
[BlackElo "2169"]
[WhiteFideId "14100177"]
[BlackFideId "24600938"]
[EventDate "2014.10.11"]

1. d4 d5 2. c4 c6 3. e3 Nf6 4. Nc3 e6 5. Nf3 Nbd7 6. Qc2 Bd6 7. Bd3 O-O 8. O-O
b6 9. e4 dxe4 10. Nxe4 Be7 11. c5 Bb7 12. Rd1 h6 13. Nxf6+ Nxf6 14. a3 a5 15.
Ne5 Nd7 16. Qe2 Nf6 17. Rb1 Kh8 18. b4 axb4 19. axb4 b5 20. Bc2 Qd5 21. Rb3 Ra1
22. Rf3 Rxc1 23. Rxc1 Qxd4 24. Rb1 Kg8 25. Rd3 Qh4 26. g3 Qh3 27. Rd4 Nd5 28.
Qd3 f5 29. Ng6 Bf6 30. Nxf8 Kxf8 31. Ra1 e5 32. Rxd5 cxd5 33. Qxf5 Qxf5 34. Bxf5
d4 35. Ra5 e4 36. Rxb5 Bd5 37. Rb6 e3 38. fxe3 dxe3 39. Bg4 Bd4 40. Kf1 Bc4+ 41.
Be2 1-0

[Event "18th Unive Open 2014"]
[Site "Hoogeveen NED"]
[Date "2014.10.11"]
[Round "1.10"]
[White "Mijnheer, Peter"]
[Black "Romanishin, Oleg M"]
[Result "1/2-1/2"]
[BlackTitle "GM"]
[WhiteElo "2169"]
[BlackElo "2490"]
[WhiteFideId "1007408"]
[BlackFideId "14100088"]
[EventDate "2014.10.11"]

1. e4 c5 2. Nf3 e6 3. d4 cxd4 4. Nxd4 Nc6 5. Nc3 a6 6. Be2 Nge7 7. Nb3 Ng6 8.
O-O Be7 9. Be3 O-O 10. Na4 b5 11. Nb6 Rb8 12. Nxc8 Qxc8 13. a4 Nce5 14. axb5
axb5 15. Ba7 Ra8 16. Bd4 Rxa1 17. Nxa1 Qb7 18. f4 Nc6 19. Be3 Na5 20. Bd3 Nc4
21. Bd4 Qc7 22. f5 Nge5 23. Nb3 f6 24. Qe2 Bd6 25. Kh1 Rc8 26. fxe6 dxe6 27. Ra1
Qd8 28. h3 Bb8 29. Bxe5 Bxe5 30. Qg4 Qd7 31. Ra6 Nxb2 32. Bxb5 Qd1+ 33. Qxd1
Nxd1 34. Rc6 Rd8 35. Bc4 Ne3 36. Rc8 Rxc8 37. Bxe6+ Kf8 38. Bxc8 Nxc2 39. Kg1
Ke7 40. Kf2 Kd6 41. Bb7 Bd4+ 42. Nxd4 Nxd4 43. Ke3 Ke5 44. Bc8 g6 45. Bb7 Ne6
46. Ba8 Nf4 47. Kf3 g5 48. Bb7 h5 49. Ba8 Kd4 50. h4 Ng6 51. hxg5 fxg5 52. Bd5
Ne5+ 53. Ke2 h4 54. Kf2 g4 55. Bb7 Kd3 56. Bd5 g3+ 57. Kf1 Ke3 58. Bb7 Nc4 59.
e5 Nxe5 60. Bc8 Nc4 61. Bd7 Kd2 62. Bc6 Ne3+ 63. Kg1 Ke1 64. Ba8 Nc2 65. Bf3 Nd4
66. Bg4 Nc6 67. Bd7 Ne5 68. Bf5 Ke2 69. Be6 Ng6 70. Bg4+ Ke1 71. Bf5 Nf4 72. Bg4
Kd2 73. Bf3 Ke3 74. Bg4 Nd3 75. Bf5 Ne5 76. Be6 Kf4 77. Bc8 1/2-1/2

[Event "18th Unive Open 2014"]
[Site "Hoogeveen NED"]
[Date "2014.10.11"]
[Round "1.11"]
[White "Kasparov, Sergey"]
[Black "Boer, Alef"]
[Result "0-1"]
[WhiteTitle "GM"]
[WhiteElo "2484"]
[BlackElo "2167"]
[WhiteFideId "13500481"]
[BlackFideId "1007122"]
[EventDate "2014.10.11"]

1. e4 Nf6 2. e5 Nd5 3. d4 d6 4. Nf3 dxe5 5. Nxe5 c6 6. Be2 Bf5 7. O-O Nd7 8. Nf3
e6 9. a3 Bd6 10. g3 b5 11. Nbd2 O-O 12. c4 bxc4 13. Nxc4 Be7 14. Nfe5 Nxe5 15.
dxe5 c5 16. g4 Bg6 17. f4 f5 18. g5 Qd7 19. Bd2 Rab8 20. Qc2 Rfc8 21. Rac1 Be8
22. Rb1 Qc7 23. Bf3 Bc6 24. Rf2 Nb6 25. b3 Bxf3 26. Rxf3 Qc6 27. Rd3 Nd5 28. Rf1
h6 29. g6 Rd8 30. Rff3 Rd7 31. Qd1 Rbd8 32. Qf1 Nb6 33. Rxd7 Rxd7 34. Rd3 Rxd3
35. Qxd3 Qd5 36. Qxd5 Nxd5 37. Kg2 Kf8 38. Na5 Ke8 39. Nc6 a6 40. Nb8 Kd8 41.
Nxa6 Kc8 42. b4 c4 43. Kf3 Kb7 44. Nc5+ Bxc5 45. bxc5 Kc6 46. Be3 Ne7 47. Ke2
Nxg6 48. Kd2 Ne7 49. Kc3 Nd5+ 50. Kd4 Nxe3 51. Kxe3 g5 52. fxg5 hxg5 53. Kd4 c3
54. Kxc3 Kxc5 55. a4 g4 56. Kd3 Kb4 57. Kd4 Kxa4 58. Kc5 f4 59. Kd4 Kb4 0-1

[Event "18th Unive Open 2014"]
[Site "Hoogeveen NED"]
[Date "2014.10.11"]
[Round "1.12"]
[White "Gieben, Stijn"]
[Black "Hambleton, Aman"]
[Result "0-1"]
[BlackTitle "IM"]
[WhiteElo "2157"]
[BlackElo "2456"]
[WhiteFideId "1034170"]
[BlackFideId "2606577"]
[EventDate "2014.10.11"]

1. e4 c5 2. Nf3 e6 3. d4 cxd4 4. Nxd4 a6 5. c4 Qc7 6. Nc3 Nf6 7. Be3 d6 8. Rc1
Nbd7 9. h3 b6 10. g4 Bb7 11. Bg2 Nc5 12. Qc2 g6 13. O-O Bg7 14. b4 Ncd7 15. c5
dxc5 16. bxc5 Nxc5 17. Na4 O-O 18. Nb3 Rfc8 19. Nbxc5 bxc5 20. Qb1 Bc6 21. Nxc5
Qa5 22. Rc4 Bb5 23. Nb7 Qa3 24. Bc5 Rxc5 25. Rxc5 Bxf1 26. Bxf1 Rb8 27. Rc6 Nd7
28. Rc7 Nc5 29. Qc2 Bd4 30. Nxc5 Qg3+ 0-1

[Event "18th Unive Open 2014"]
[Site "Hoogeveen NED"]
[Date "2014.10.11"]
[Round "1.13"]
[White "Franco Alonso, Alejandro"]
[Black "Kramer, Julian"]
[Result "0-1"]
[WhiteTitle "IM"]
[WhiteElo "2454"]
[BlackElo "2147"]
[WhiteFideId "2214067"]
[BlackFideId "12921742"]
[EventDate "2014.10.11"]

1. Nf3 d5 2. c4 c6 3. e3 Nf6 4. Nc3 e6 5. b3 Nbd7 6. Qc2 Bd6 7. Bb2 O-O 8. Rg1
Qe7 9. g4 Ba3 10. g5 Nh5 11. Be2 Bxb2 12. Qxb2 g6 13. h4 f5 14. Rc1 dxc4 15.
Bxc4 b5 16. Be2 e5 17. a4 Bb7 18. b4 a6 19. Qb3+ Kh8 20. Qb2 Rad8 21. Nb1 Ng7
22. d3 c5 23. Nbd2 Rfe8 24. axb5 axb5 25. h5 gxh5 26. bxc5 Bxf3 27. Nxf3 Nxc5
28. Qxe5 Qxe5 29. Nxe5 Rxe5 30. d4 Nb3 31. Rb1 Nxd4 32. exd4 Rxd4 33. Rxb5 Rxb5
34. Bxb5 Ne6 35. g6 Rg4 36. Rxg4 fxg4 37. Be8 h6 38. g7+ Nxg7 39. Bg6 Kg8 40. f3
g3 41. Ke2 Ne6 42. Ke3 Nf4 0-1

[Event "18th Unive Open 2014"]
[Site "Hoogeveen NED"]
[Date "2014.10.11"]
[Round "1.14"]
[White "Mellema, Andries"]
[Black "Antoli Royo, Joaquin Miguel"]
[Result "0-1"]
[BlackTitle "IM"]
[WhiteElo "2136"]
[BlackElo "2450"]
[WhiteFideId "1011464"]
[BlackFideId "2259532"]
[EventDate "2014.10.11"]

1. e4 c5 2. Nf3 d6 3. d4 cxd4 4. Nxd4 Nf6 5. Nc3 Nc6 6. Bc4 Bd7 7. O-O g6 8. h3
Bg7 9. Be3 O-O 10. Bb3 Na5 11. f4 Qc7 12. Qf3 a6 13. Rad1 Rae8 14. Kh1 b5 15.
Rd2 Nc4 16. Bxc4 Qxc4 17. a3 Bc8 18. Re1 Bb7 19. Bg1 Bh6 20. Nb3 Ba8 21. Bh2 Bg7
22. Qd3 Rc8 23. Nd4 Nd7 24. Bg1 Rfe8 25. Nde2 Nf6 26. Nd4 Nh5 27. Bh2 Qxd3 28.
Rxd3 Rc4 29. Red1 Bh6 30. g3 Nf6 31. Kg1 Nxe4 32. Nxe4 Bxe4 33. Re3 Bxc2 34.
Nxc2 Rxc2 35. Rxd6 Rxb2 36. Rxa6 0-1

[Event "18th Unive Open 2014"]
[Site "Hoogeveen NED"]
[Date "2014.10.11"]
[Round "1.15"]
[White "Gonzalez De La Torre, Santiago"]
[Black "Schoehuijs, Erik"]
[Result "1-0"]
[WhiteTitle "IM"]
[WhiteElo "2440"]
[BlackElo "2160"]
[WhiteFideId "2221667"]
[BlackFideId "1004425"]
[EventDate "2014.10.11"]

1. e4 e5 2. Nf3 Nc6 3. Bb5 Nf6 4. Bxc6 dxc6 5. d3 Bd6 6. Nbd2 Be6 7. b3 b5 8.
Bb2 Nd7 9. d4 f6 10. O-O c5 11. dxe5 fxe5 12. Qe2 Rb8 13. a4 a6 14. axb5 axb5
15. Ra5 c6 16. Ra6 Rc8 17. Rd1 Qc7 18. Ng5 Bg8 19. Qh5+ g6 20. Qh3 Be7 21. Ndf3
Bf6 22. Ne6 Qb7 23. Rda1 Ke7 24. Nxc5 Nxc5 25. Ra7 Be6 26. Qh6 Ra8 27. Rxb7+
Nxb7 28. Rxa8 Rxa8 29. Qxh7+ Bf7 30. Nxe5 1-0

[Event "18th Unive Open 2014"]
[Site "Hoogeveen NED"]
[Date "2014.10.11"]
[Round "1.16"]
[White "Den Hartog, Marijn"]
[Black "Ris, Robert"]
[Result "0-1"]
[BlackTitle "IM"]
[WhiteElo "2127"]
[BlackElo "2427"]
[WhiteFideId "1046098"]
[BlackFideId "1011480"]
[EventDate "2014.10.11"]

1. e4 e5 2. Nf3 Nc6 3. Bb5 a6 4. Ba4 Nf6 5. O-O b5 6. Bb3 Bb7 7. d3 Be7 8. c3
O-O 9. Re1 Re8 10. Nbd2 Bf8 11. a4 Na5 12. Bc2 c5 13. Nf1 Nc6 14. Bg5 h6 15.
Bxf6 Qxf6 16. Ne3 d6 17. Bb3 Ne7 18. Ng4 Qg6 19. Nfxe5 dxe5 20. Nxe5 Qf6 21.
Bxf7+ Kh7 22. Bxe8 Qxe5 23. Bh5 Rd8 24. Bf3 b4 25. Qd2 Nc6 26. Bd1 Bd6 27. g3
Bc7 28. f4 Qe6 29. Bf3 Bb6 30. Kg2 Na5 31. Qe3 Qb3 32. e5 Qxb2+ 33. Kh1 Bxf3+
34. Qxf3 Qxc3 35. e6 Re8 36. f5 Nb3 37. Rab1 Re7 38. Qh5 c4 39. dxc4 Kg8 40. c5
Bxc5 41. Red1 Nd2 42. Rbc1 Qd3 43. Rxd2 Qe4+ 44. Rg2 b3 45. Rd1 Bb6 46. Qe2 Qxf5
47. Qxa6 Rxe6 48. Qf1 Qe4 49. Qf4 Qc6 50. Rf1 Rf6 51. Qb8+ Kh7 52. Re1 Rf2 53.
Rg1 Qxg2+ 54. Rxg2 Rf1+ 55. Rg1 Rxg1# 0-1

[Event "18th Unive Open 2014"]
[Site "Hoogeveen NED"]
[Date "2014.10.11"]
[Round "1.17"]
[White "Guramishvili, Sopiko"]
[Black "Hendriks, Richard"]
[Result "1-0"]
[WhiteTitle "IM"]
[WhiteElo "2381"]
[BlackElo "2110"]
[WhiteFideId "13602888"]
[BlackFideId "1006096"]
[EventDate "2014.10.11"]

1. c4 e5 2. g3 Nf6 3. Bg2 Bc5 4. Nc3 d6 5. e3 Nc6 6. Nge2 a6 7. O-O Ba7 8. a3
O-O 9. h3 h6 10. b4 Nh7 11. d4 Bd7 12. Kh2 Rb8 13. Ra2 Qc8 14. Nd5 Re8 15. f4
Ne7 16. Nxe7+ Rxe7 17. fxe5 dxe5 18. Nc3 Be6 19. d5 Bf5 20. c5 Bg6 21. e4 b6 22.
Be3 bxc5 23. bxc5 Re8 24. h4 Nf6 25. Rxf6 gxf6 26. Bh3 Qb7 27. h5 Qb3 28. hxg6
Qxd1 29. gxf7+ Kxf7 30. Nxd1 Kg7 31. d6 cxd6 32. cxd6 Bxe3 33. Nxe3 Red8 34. Rc2
Kg6 35. Bf5+ Kg5 36. Rc7 Rg8 37. Be6 Rg6 38. d7 f5 39. Rc8 1-0

[Event "18th Unive Open 2014"]
[Site "Hoogeveen NED"]
[Date "2014.10.11"]
[Round "1.18"]
[White "Fluit, Johnny"]
[Black "Schoorl, Rob"]
[Result "1/2-1/2"]
[BlackTitle "FM"]
[WhiteElo "2108"]
[BlackElo "2330"]
[WhiteFideId "1016253"]
[BlackFideId "1009508"]
[EventDate "2014.10.11"]

1. d4 g6 2. Nf3 Bg7 3. g3 f5 4. Bg2 Nf6 5. O-O O-O 6. c4 d6 7. Nc3 Qe8 8. d5 a5
9. Re1 Na6 10. Nd4 Nc5 11. Nb3 Nce4 12. Nxe4 Nxe4 13. Qc2 a4 14. Nd2 Nc5 15. Rb1
f4 16. e4 g5 17. gxf4 gxf4 18. f3 Qh5 19. Re2 Bd4+ 20. Kh1 Bh3 21. b4 axb3 22.
Nxb3 Nxb3 23. Rxb3 b6 24. Qd1 Be5 25. Qf1 Bd7 26. Ra3 Rxa3 27. Bxa3 Rf6 28. Bb2
Rh6 29. Qg1 Kf7 30. Bxe5 Qxe5 31. Qf2 Rg6 32. Bf1 Qc3 33. Rc2 Qa1 34. Re2 h5 35.
Re1 Qc3 36. Be2 Qb2 37. Qh4 Qe5 38. Bf1 Qg5 39. Qf2 Rg8 40. Bd3 Qe5 41. Qh4 Ke8
42. Bf1 Kd8 43. Be2 Qd4 44. Rf1 Qd2 45. Qf2 Qxa2 46. Rg1 Rxg1+ 47. Kxg1 Bh3 48.
Qh4 Qa1+ 49. Kf2 Qd4+ 50. Ke1 Qc3+ 51. Kf2 Qe3+ 52. Ke1 Bg4 53. Qg5 Qc1+ 54. Kf2
Qe3+ 55. Ke1 Qg1+ 56. Kd2 Qxh2 57. fxg4 f3 58. Qg8+ Kd7 59. Qe6+ Kd8 60. Qg8+
Kd7 61. Qe6+ Kd8 62. Qg8+ 1/2-1/2

[Event "18th Unive Open 2014"]
[Site "Hoogeveen NED"]
[Date "2014.10.11"]
[Round "1.19"]
[White "De Jong, Migchiel"]
[Black "Sadallah, Osama"]
[Result "1-0"]
[WhiteTitle "IM"]
[WhiteElo "2321"]
[BlackElo "2108"]
[WhiteFideId "1002848"]
[BlackFideId "1002350"]
[EventDate "2014.10.11"]

1. e4 c5 2. Nf3 g6 3. d4 cxd4 4. Nxd4 Nc6 5. c4 Nf6 6. Nc3 Nxd4 7. Qxd4 d6 8. f3
Bg7 9. Be3 O-O 10. Qd2 a6 11. Be2 h5 12. O-O Kh7 13. Rfd1 Be6 14. Rac1 Nd7 15.
Nd5 Bxd5 16. exd5 a5 17. b3 Ne5 18. h3 Nd7 19. f4 f5 20. g4 Nf6 21. gxf5 gxf5
22. Bd3 Ng8 23. Kh2 Qe8 24. Rg1 Nh6 25. Rg2 Qf7 26. Rcg1 Bf6 27. Qc2 e6 28. Bb6
Rg8 29. Rxg8 Rxg8 30. Rxg8 Kxg8 31. Qg2+ Kh7 32. dxe6 Qxe6 33. Qxb7+ Kh8 34. Qf3
h4 35. Bxa5 Bd4 36. Bd2 Qg8 37. Qg2 Qe6 38. Qg5 Kh7 39. Qxh4 Be3 40. Bxe3 Qxe3
41. Bxf5+ Kg7 42. Qg5+ Kf7 43. Bg6+ Ke6 44. f5+ 1-0

[Event "18th Unive Open 2014"]
[Site "Hoogeveen NED"]
[Date "2014.10.11"]
[Round "1.20"]
[White "Szostko, Jakub"]
[Black "Rudolf, Anna"]
[Result "1-0"]
[BlackTitle "WGM"]
[WhiteElo "2102"]
[BlackElo "2314"]
[WhiteFideId "1174282"]
[BlackFideId "722855"]
[EventDate "2014.10.11"]

1. e4 e6 2. d4 d5 3. Nd2 Be7 4. c3 c5 5. dxc5 Bxc5 6. Nb3 Bb6 7. exd5 exd5 8.
Nf3 Nf6 9. Be2 O-O 10. O-O Ne4 11. Nfd4 Nc6 12. Be3 Bc7 13. Re1 Re8 14. Bf1 Qh4
15. g3 Qf6 16. Nb5 Bb8 17. Qxd5 Re5 18. Qd1 Qg6 19. N5d4 Bd7 20. Nf3 Re7 21. Bc5
Bxg3 22. hxg3 Nxg3 23. fxg3 Qxg3+ 24. Bg2 Bh3 25. Qd2 Rd8 26. Rxe7 1-0

[Event "18th Unive Open 2014"]
[Site "Hoogeveen NED"]
[Date "2014.10.11"]
[Round "1.21"]
[White "Van Foreest, Lucas"]
[Black "Lesmann, Francis"]
[Result "1-0"]
[WhiteElo "2314"]
[BlackElo "2090"]
[WhiteFideId "1039792"]
[BlackFideId "1001949"]
[EventDate "2014.10.11"]

1. d4 Nf6 2. c4 c5 3. d5 e6 4. Nc3 exd5 5. cxd5 d6 6. Nf3 g6 7. h3 Bg7 8. Bf4
O-O 9. e3 a6 10. a4 Qb6 11. Ra3 Bf5 12. Nd2 Ne8 13. e4 Bc8 14. Nc4 Qd8 15. Be2
f5 16. Qd2 Nd7 17. exf5 Rxf5 18. Bg4 Qe7+ 19. Kd1 Rf8 20. Be6+ Kh8 21. Re1 Ne5
22. Bxe5 dxe5 23. Nb6 Bxe6 24. Nxa8 Bg8 25. Nb6 Nd6 26. Ne4 Nf5 27. Rf3 Qd8 28.
a5 Bh6 29. Qc3 Re8 30. Nxc5 Bg7 31. Ne4 Bxd5 32. Rd3 Nd4 33. Nxd5 Qxd5 34. g4
Qa2 35. g5 Rd8 36. Kd2 Qe6 37. Ree3 Rc8 38. Qa3 Bf8 39. Qa4 Rc4 40. Qd1 Bb4+ 41.
Nc3 Qf5 42. Kc1 Bxa5 43. f3 Qxg5 44. Kb1 b5 45. Re4 Qf5 46. Ne2 Nc6 47. Ng3 Qxh3
48. Rd6 Nd4 49. Rxe5 Qxg3 50. Re8+ Kg7 51. Rxd4 Rxd4 52. Qxd4+ Kh6 53. Re7 Qxf3
54. Qh4+ Qh5 55. Qf4+ g5 56. Qf8+ 1-0

[Event "18th Unive Open 2014"]
[Site "Hoogeveen NED"]
[Date "2014.10.11"]
[Round "1.22"]
[White "Hoffman, Ron"]
[Black "Tondivar, Babak"]
[Result "1/2-1/2"]
[BlackTitle "FM"]
[WhiteElo "2086"]
[BlackElo "2288"]
[WhiteFideId "1007599"]
[BlackFideId "12501239"]
[EventDate "2014.10.11"]

1. d4 e6 2. c4 d5 3. Nc3 Be7 4. Nf3 Nf6 5. Bf4 O-O 6. e3 Nbd7 7. a3 c5 8. dxc5
Nxc5 9. cxd5 Nxd5 10. Nxd5 exd5 11. Be2 Bf6 12. Be5 Bg4 13. Bxf6 Qxf6 14. Qd4
Qxd4 15. Nxd4 Bxe2 16. Kxe2 Rfd8 17. Rac1 Rac8 18. Rc2 1/2-1/2

[Event "18th Unive Open 2014"]
[Site "Hoogeveen NED"]
[Date "2014.10.11"]
[Round "1.23"]
[White "Wunnink, Michael"]
[Black "Henseler, Jorgen"]
[Result "1-0"]
[WhiteElo "2286"]
[BlackElo "2085"]
[WhiteFideId "1005448"]
[BlackFideId "1023233"]
[EventDate "2014.10.11"]

1. d4 d5 2. c4 c6 3. Nc3 Nf6 4. Nf3 e6 5. e3 Nbd7 6. Qc2 Bd6 7. Bd3 dxc4 8. Bxc4
b5 9. Be2 Bb7 10. O-O O-O 11. Rd1 Qb8 12. e4 e5 13. g3 exd4 14. Nxd4 g6 15. Bf3
Re8 16. a3 a6 17. Bg5 c5 18. Nb3 b4 19. Nd5 Nxd5 20. exd5 Ne5 21. Bg2 Qc7 22.
Nd2 bxa3 23. Rxa3 c4 24. Ra4 Bc8 25. Ne4 Bf5 26. Nf6+ Kh8 27. Qc3 Reb8 28. Re1
Rb3 29. Qd4 Kg7 30. Rxa6 Rab8 31. Rc6 Qa5 32. Bd2 Qd8 33. Bg5 Qa5 34. Rc1 R3b6
35. Rxd6 Rxd6 36. Qxe5 1-0